000 00723nam a2200217Ia 4500
003 GCL
008 140319s9999 xx 000 0 ara d
040 _aGCL /
_cGCL
082 0 4 _a842
_bم م
100 1 _aموليير
245 1 0 _aمريض الوهم :
_bهذلية تمثيلية ذات ثلاثة فصول /
_cموليير
700 1 _aالياس ابو شبكة
250 _aالثانية
260 _aبيروت :
_bدار صادر ،
_c1951
300 _a105 ص ؛
_c20 سم
490 _aالسلسلة المسرحية
_v0
650 0 4 _aالادب الفرنسى
650 0 4 _aالمسرحيات الفرنسية
650 0 4 _aالمسرحيات الفرنسية المترجمة
942 _2ddc
_cBK
999 _c47268
_d47268